000 00612nam a2200229Ia 4500
003 OSt
005 20220918210424.0
006 a|||||r|||| 00| 0
007 ta
008 220917b |||||||| |||| 00| 0 eng d
024 _a120,428
037 _cTextual
040 _aARTS
_cARTS
_beng
041 _2eng
_aeng
082 _aV73:5:L7, H2
100 _aWertenbaker Thomas Jeferson
_9118169
245 0 _aOld South
_b the founding of American civilization
260 _c1942
650 _aHISTORY
942 _hV73:5:L7, H2
_cTEXL
_2CC
999 _c243686
_d243686